000 07465nas1a22006851i 4500
001 RU\NLR\INFOCOMM16\1000075582
005 20240726061631.0
011 _a0136-5762
035 _a(NLR Aleph) 002526952
090 _a2814326
_c2814326
100 _a20040423b19691983|||y0rusy50 ca
101 0 _arus
102 _aRU
110 _azyu||||0|y0
200 1 _aМестная промышленность
_eНауч.-техн. реф. сб.
_hСерия 8
_iПроизводство товаров бытовой химии и изделий из пластмасс
_fМ-во мест. пром-сти РСФСР. ЦБНТИ
210 _aМ.
_d1969-1983
300 _aЗа 1974-1978 г. г. изд. хранится в ФГО
300 _aВып.1 в 1970 г. не выходил
311 _aС 1984 влилось в: Местная промышленность. Рацпредложения, рекомендуемые для внедрения на предприятиях местной промышленности, ISSN 0136-5738 (Ш.: П10/5621)
311 _aС 1987 объединилось с: Местная промышленность. Сер.5, Местные строительные материалы, ISSN 0136-5711 (Ш.: П10/4376) и выходит под загл.: ... Сер. "Производство товаров бытовой химии и местных строительных материалов" ISSN 0234-5927 (Ш.: П10/6454)
430 0 _12001#$aБытовая химия, изделия из пластмасс
_tБытовая химия, изделия из пластмасс
430 0 _12001#$aРеферативная информация$hСерия 4
_tРеферативная информация
430 0 _12001#$aРеферативная информация$iСерия: Производство товаров бытовой химии, изделий из пластмасс
_tРеферативная информация
430 0 _12001#$aРеферативная информация$iСерия: Производство товаров бытовой химии и изделий из пластмасс
_tРеферативная информация
440 0 _12001#$aМестная промышленность$iСерия "Производство товаров бытовой химии и местных строительных материалов
_1852##$aNLR$jП10/6454
_1011$a0234-5927
_tМестная промышленность
444 0 _12001#$aМестная промышленность$iРацпредложения, рекомендуемые для внедрения на предприятиях местной промышленности
_1852##$aNLR$jП10/5621
_1011$a0136-5738
_tМестная промышленность
801 1 _aRU
_bInfoComm
_c20040423
801 0 _aRU
_bNLR
_gPSBO
852 _aNLR
_jП10/4379
942 _cSE
980 _aRUSPER